| 000 | 004620000a22001810004500 | ||
|---|---|---|---|
| 003 | MACL | ||
| 005 | 20150911141658.0 | ||
| 008 | 150911b xxu||||| |||| 00| 0 eng d | ||
| 040 |
_aMACL _cMACL |
||
| 041 | _aEnglish | ||
| 082 | _a823 | ||
| 100 |
_aPierre, Paul St _910074 |
||
| 245 |
_aOn The Ragged Edge _bOriya Stories of Life on the Margin |
||
| 260 |
_bGrassroots _c2008 _aBhubaneswar |
||
| 350 | _a195 | ||
| 650 |
_aStories _910141 |
||
| 942 |
_cBK _k823 _2ddc |
||
| 999 |
_c42535 _d42535 |
||